ULTIMATE CRICKET QUIZ - Statistics

General Stats
  • This quiz has been taken 3 times
  • The average score is 1 of 15
Answer Stats
SL NO. THE GOATS % Correct
1 VIRAT KOHLI
100%
2 ROHIT SHARMA
33%
10 AB DE VILLIERS
0%
14 BRENDON MCCULLUM
0%
6 CHRIS GAYLE
0%
5 DAVID WARNER
0%
4 JOS BUTLER
0%
9 KANE WILLIAMSON
0%
11 KUMAR SANGAKKARA
0%
3 MAHELA JAYAVARDENE
0%
15 MARTIN GUPTILL
0%
12 QUINTON DKOCK
0%
8 SHAKIB AL HASAN
0%
13 SHOAIB MALIK
0%
7 TILTHANKARE DILSHAN
0%
No matching quizzes found
Score Distribution
Percent of People with Each Score
Percentile by Number Answered
Your Score History
You have not taken this quiz